00651nam a2200193 a 45000010005000000030009000050080041000140200015000550400028000700820018000981100016001162450120001322600048002523000010003004900056003106500031003666500038003976500022004359895CO-ViMGA141112s2004 ck r 000 u spa d a9589037259 aCO-ViMGAbspacCO-ViMGA04a614.0986 S15a aCOLCIENCIAS10aSalud para la Calidad de la vida : bBases para un plan del programa Nacional de Ciencia y tecnología de la salud aSantafé de Bogotá. Tercer mundo, c1993 a312p. aProgramación nacionales de ciencia y tecnología14aCALIDAD DE VIDA COLOMBIANA14aPLANIFICACION DE LA SALUD PUBLICA14aPolítica MEDICA